000 01641cam a22003254a 4500
001 14546232
005 20230221123234.0
008 060912s2006 ii abf 001 0 eng
010 _a 2006541175
020 _a812910976X (jkt.)
025 _aI-E-2006-541175; 63-92
037 _bLibrary of Congress -- New Delhi Overseas Office
_cRs495.00
040 _aDLC
_cDLC
042 _alcode
043 _aa-ii---
050 0 0 _aDS480.853
_b.S579 2006
082 _a327.540092, SIN
100 1 _aSingh, Jaswant,
_d1938-2020.
_9109336
245 1 2 _aA call to honour :
_bin service of emergent India /
_cJaswant Singh.
260 _aNew Delhi :
_bRupa & Co.,
_cc2006.
300 _axvii, 426 p., [20] p. of plates :
_bill. (some col.), maps ;
_c24 cm.
505 _aMemories of a Sunlit Land (Page-3), Born of the Same Womb: Pakistan (Page-52),India: The journey from nation to statehood (Page-76),Pokhran II: the implosion of nuclear apartheid (Page-111),Pokhran Looks East (Page-134),The Asian Two: India and china (Page-151), Troubled Neighbor, Turbulent Times: 1999 (Page-189),Troubled Neighbor, Turbulent Times: 2001 (Page-248),Engaging the Natural Ally (Page-270),The Republican Innings (Page-326),Some Afterwords (Page-356).
520 _aIndia's foreign relations during the period 1998-2004; first hand account by former foreign minister of India.
600 1 0 _aSingh, Jaswant,
_d1938-2020.
_9109336
651 0 _aIndia
_xForeign relations
_y1984-
_9949
651 0 _aIndia
_xPolitics and government
_y1977-
_9950
906 _a7
_bcbc
_corigode
_d3
_encip
_f20
_gy-gencatlg
942 _2ddc
_cBK
999 _c593392
_d593392